Highly efficient OLEDs : materials based on thermally activated delayed fluorescence (Record no. 85825)

MARC details
000 -LEADER
fixed length control field 00744 a2200241 4500
003 - CONTROL NUMBER IDENTIFIER
control field CBULib
005 - DATE AND TIME OF LATEST TRANSACTION
control field 20241205083442.0
008 - FIXED-LENGTH DATA ELEMENTS--GENERAL INFORMATION
fixed length control field 241205b |||||||| |||| 00| 0 eng d
020 ## - INTERNATIONAL STANDARD BOOK NUMBER
International Standard Book Number 9783527339006
040 ## - CATALOGING SOURCE
Language of cataloging English
Transcribing agency CBULib
Description conventions rda
041 ## - LANGUAGE CODE
Language code of text/sound track or separate title eng
050 ## - LIBRARY OF CONGRESS CALL NUMBER
Classification number TK 7871. 89 Hig
100 ## - MAIN ENTRY--PERSONAL NAME
Personal name Yersin, Hartmut
245 ## - TITLE STATEMENT
Title Highly efficient OLEDs : materials based on thermally activated delayed fluorescence
Statement of responsibility, etc / edited by Hartmut Yersin
260 ## - PUBLICATION, DISTRIBUTION, ETC. (IMPRINT)
Name of publisher, distributor, etc Wiley-VCH,
Date of publication, distribution, etc 2019
Place of publication, distribution, etc Weinheim :
300 ## - PHYSICAL DESCRIPTION
Extent xvi, 588 pages : illustrations
336 ## - CONTENT TYPE
Source rdacontent
Content type term Text |
Content type code txt
337 ## - MEDIA TYPE
Source rdamedia
Media type term Unmediated |
Media type code n
338 ## - CARRIER TYPE
Source rdacarrier
Carrier type term Volume
Carrier type code nc
650 #0 - SUBJECT ADDED ENTRY--TOPICAL TERM
9 (RLIN) 2340
Topical term or geographic name as entry element SEMICONDUCTORS
650 #0 - SUBJECT ADDED ENTRY--TOPICAL TERM
9 (RLIN) 4090
Topical term or geographic name as entry element DIODES
942 ## - ADDED ENTRY ELEMENTS (KOHA)
Source of classification or shelving scheme
Koha item type MONOGRAPH
Holdings
Withdrawn status Lost status Source of classification or shelving scheme Damaged status Not for loan Collection code Permanent Location Current Location Shelving location Date acquired Source of acquisition Cost, normal purchase price Total Checkouts Full call number Barcode Date last seen Copy number Price effective from Koha item type
          CBU-Lusaka Campus CBU- LUSAKA CAMPUS CBU-MAIN LIBRARY, KITWE. General Stacks 12/05/2024 DON-BOOKAID 105.00   TK 7871.89 Hig 753163 12/05/2024 1 12/05/2024 MONOGRAPH
          CBU-Lusaka Campus CBU- LUSAKA CAMPUS CBU-MAIN LIBRARY, KITWE. General Stacks 12/05/2024 DON-BOOKAID 105.00   TK 7871.89 Hig 753162 12/05/2024 2 12/05/2024 MONOGRAPH